000
00208 a2200097 4500
001
30763
100
_a
Furer Haimendorf
245
_a
Himalayan Barbary
260
_a
London
_b
Murray
_c
090
_c
20695
_d
20695
942
_a
NUST-CAE
_c
M
_c
11886
999
_c
265836
_d
265836